00348nam a2200121Ia 4500008004100000041001200041082001500053100006800068245005200136260001700188440000900205650001200214240126s9999 xx 000 0 und d aEnglish aPREC91-349 aJadhav, Vinay Biradar, Satish B Katakkar, Narendra Arun Kumar S 0aComputerised plotter 91bLinganagouda, Kulkarni bBVBCE, Hubli aNULL aPlotter